Arte popular de Guanajuato (Record no. 10424)

MARC details
000 -CABECERA
campo de control de longitud fija 01018nam a2200277 a 4500
001 - NÚMERO DE CONTROL
campo de control BRL_1615
005 - FECHA Y HORA DE LA ÚLTIMA TRANSACCIÓN
campo de control 20190320211305.0
008 - DATOS DE LONGITUD FIJA--INFORMACIÓN GENERAL
campo de control de longitud fija 140414s1964----mx-aob####---#000-0#spa-#
041 ## - CÓDIGO DE LENGUA
Código de lengua del texto/banda sonora o título independiente spa
044 ## - CÓDIGO DEL PAÍS DE LA ENTIDAD EDITORA/PRODUCTORA
Código MARC del país mx
050 #4 - SIGNATURA TOPOGRÁFICA DE LA BIBLIOTECA DEL CONGRESO
Número de clasificación NK845.G8
Número de documento/Ítem .V55 1964
100 1# - ENTRADA PRINCIPAL--NOMBRE DE PERSONA
Nombre de persona Villegas Manuel, Víctor
9 (RLIN) 27444
245 10 - MENCIÓN DE TÍTULO
Título Arte popular de Guanajuato
Mención de responsabilidad, etc. Víctor Manuel Villegas ; prólogo Martín Luis Guzmán ; traducción al inglés por Aza Zatz.
260 ## - PUBLICACIÓN, DISTRIBUCIÓN, ETC.
Lugar de publicación, distribución, etc. México
Nombre del editor, distribuidor, etc. Banco Nacional de Fomento Cooperativo : Fondo de Fideicomiso para el Fomento de las Artesanias
Fecha de publicación, distribución, etc. 1964
300 ## - DESCRIPCIÓN FÍSICA
Extensión 1 v. (varias paginaciones)
Otras características físicas il., fotografías (a color), láminas
Dimensiones 33 cm.
500 ## - NOTA GENERAL
Nota general Au874
500 ## - NOTA GENERAL
Nota general Estado físico: camisa rota
500 ## - NOTA GENERAL
Nota general Texto en: español e inglés
504 ## - NOTA DE BIBLIOGRAFÍA, ETC.
Nota de bibliografía, etc. Bibliografía: p. 55
650 14 - PUNTO DE ACCESO ADICIONAL DE MATERIA--TÉRMINO DE MATERIA
Término de materia o nombre geográfico como elemento de entrada Arte popular
Subdivisión geográfica Guanajuato
9 (RLIN) 27445
650 14 - PUNTO DE ACCESO ADICIONAL DE MATERIA--TÉRMINO DE MATERIA
Término de materia o nombre geográfico como elemento de entrada Artes decorativas
Subdivisión geográfica Guanajuato
9 (RLIN) 27446
700 1# - PUNTO DE ACCESO ADICIONAL--NOMBRE DE PERSONA
Nombre de persona Guzmán, Martín Luis
Término indicativo de función/relación pról.
9 (RLIN) 8229
700 1# - PUNTO DE ACCESO ADICIONAL--NOMBRE DE PERSONA
Nombre de persona Zatz, Aza
Término indicativo de función/relación tr.
9 (RLIN) 27447
902 ## - CATALOGADOR
Iniciales GRL
942 ## - ELEMENTOS DE PUNTO DE ACCESO ADICIONAL (KOHA)
Fuente del sistema de clasificación o colocación Library of Congress Classification
Tipo de ítem Koha Libros
Holdings
Estado de retiro Estado de pérdida Estado dañado No para préstamo Localización permanente Ubicación/localización actual Fecha de adquisición Número de inventario Total de préstamos Signatura topográfica completa Código de barras Fecha visto por última vez Precio válido a partir de Tipo de ítem Koha
El ejemplar forma parte de la colección y puede ser consultado según las políticas vigentes.       Biblioteca Centro de Estudios Ruth D. Lechuga Biblioteca Centro de Estudios Ruth D. Lechuga 14/04/2014 Au874   NK845.G8 .V55 1964 (Au874) GRL01776 22/03/2019 22/03/2019 Libros